The weeknd - kiss land lyrics - Statistics

General Stats
  • This quiz has been taken 58 times
  • The average score is 192 of 358
Answer Stats
Hint Answers % Correct
verse 3 I
100%
got
97%
when
95%
when
89%
she
84%
in
81%
a
73%
it
70%
the
70%
my
68%
you
68%
can
65%
he
65%
me
65%
to
65%
was
65%
all
62%
not
62%
if
59%
just
59%
so
59%
think
59%
we
59%
and
57%
at
57%
been
57%
brand
57%
for
57%
from
57%
new
57%
told
57%
twice
57%
up
57%
with
57%
can't
54%
doctor
54%
don't
54%
four
54%
God
54%
how
54%
I've
54%
probably
54%
same
54%
seen
54%
starin'
54%
stop
54%
walls
54%
whole
54%
world
54%
year
54%
but
51%
down
51%
found
51%
get
51%
gone
51%
keep
51%
long
51%
looks
51%
mix
51%
months
51%
night
51%
picture
51%
place
51%
remember
51%
twelve
51%
went
51%
ain't
49%
damn
49%
day
49%
'em
49%
fuck
49%
gave
49%
high
49%
I'm
49%
inside
49%
know
49%
life's
49%
might've
49%
seein'
49%
show
49%
sleep
49%
some
49%
them
49%
twenty-one
49%
want
49%
why
49%
years
49%
bitches
46%
'bout
46%
girls
46%
give
46%
her
46%
is
46%
nothing
46%
round
46%
spot
46%
take
46%
that
46%
tweak
46%
about
43%
alcohol
43%
drive
43%
driver
43%
even
43%
habits
43%
of
43%
ones
43%
pop
43%
relate
43%
room
43%
something
43%
stand
43%
talkin'
43%
top
43%
well
43%
care
41%
last
41%
make
41%
only
41%
pour
41%
shot
41%
smoke
41%
outro (x2) this
41%
tried
41%
week
41%
any
38%
back
38%
fired
38%
lovin'
38%
rough
38%
still
38%
wait
38%
worried
38%
XO
38%
bloodwork
35%
drippin'
35%
friends
35%
niggas
35%
posted
35%
believe
32%
Florida
32%
goes
32%
Russian
32%
suck
32%
tongue
32%
under
32%
white
32%
ever
30%
grills
30%
nose
30%
VIP
30%
Adderall's
27%
gold
27%
grind
27%
hard
27%
like
27%
one-ten
27%
rings
27%
sun
27%
tuition
27%
way
27%
flip
24%
hits
24%
MIA
22%
teeth
22%
tricks
22%
cold
19%
feeling
19%
Ft.
19%
Russians
19%
'til
19%
dawn
16%
hide
16%
Lauderdale
16%
chip
14%
drinks
14%
break
11%
they're
11%
Grand
8%
Marnier
5%
milk
5%
Kahlua
3%
sip
0%
No matching quizzes found
Score Distribution
Percent of People with Each Score
Percentile by Number Answered
Your Score History
You have not taken this quiz